000 00650nam a2200205Ia 4500
003 IEPS
005 20250703135319.0
008 250223s9999||||xx |||||||||||||| ||und||
020 _a9789773503397
040 _CIEPS
041 _aara
082 _a796.323
100 _aزكي ، محمد محمد حسن
245 0 _aاساسيات الكرة الطائرة : تطور التدريس و التدريب في الكرة الطائرة
260 _aالقاهرة
_bدار الكتاب الحديث
_c2012
300 _a324 ص.
_bرسوم
_c24 سم.
653 _aكرة الطائرة
653 _aكرة الطائرة
942 _cكتاب
999 _c13380
_d13380